000 01292nam a2200253Ia 4500
003 OSt
005 20220930094914.0
006 a|||||r|||| 00| 0
007 ta
008 220926b |||||||| |||| 00| 0 hin d
024 _a35289
037 _cTheses
040 _aCRL
_cCRL
_bhin
041 _2hin
_ahin
100 _aकेस्टवाल, सुधांशू मोहन, ले.
_9556689
110 _aदिल्ली विश्वविद्यालय. कला संकाय. हिन्दी
_9556690
245 0 _aसामाजिक राजनैतिक परिदृश्य के संदर्भ में रघुवीर सहाय और श्रीकान्त वर्मा की कविताओं का तुलनात्मक अध्ययन।
246 _aSāmājik rājanaitik paridṛushya ke sandarbha mean raghuvīr sahāya aur shrīkānta varmā kī kavitāoan kā tulanātmak adhyayana।
260 _c2015
300 _a356पृ.
_ap.
_ccm.
700 _aदिल्ली विश्वविद्यालय. कला संकाय. हिन्दी
_9556691
942 _cDIS
_2CC
999 _c887914
_d887914